000
00285nam a22001337a 4500
020
_a
1-8442-2007
082
_a
823
_b
DIS/J
100
_a
DISNEY, WALT
245
_a
THE JUNGLE BOOK - II
260
_a
LONDON
_b
LADYBIRD
300
_a
29
650
_a
ENGLISH SHORT STORY
_z
UK
942
_c
BK
999
_c
3714
_d
3714